[Event "OGD Prinsenstad-toernooi - D groep"]
[Site "Delft"]
[Date "2014.04.19"]
[Round "2.8"]
[White "Van der Hoeven, Carsten"]
[Black "Loedeman, Bert"]
[Result "1-0"]
[WhiteElo "1325"]
[BlackElo "1471"]
[PlyCount "81"]
[EventDate "2014.04.18"]
[EventType "swiss"]
[EventRounds "6"]
[EventCountry "NED"]
[Source "DSC"]
[SourceDate "2014.04.23"]

1. e4 e6 2. d4 d5 3. e5 c5 4. c3 Nc6 5. f4 cxd4 6. cxd4 Nge7 7. Nf3 Nf5 8. Bb5
Bd7 9. O-O Qb6 10. Bxc6 Bxc6 11. Nc3 Be7 12. b3 O-O 13. a4 Qb4 14. Bd2 Qb6 15.
a5 Qd8 16. Qe2 a6 17. Rfb1 Bb4 18. Nd1 Bb5 19. Qe1 Be7 20. Bb4 Rc8 21. Bxe7
Nxe7 22. Ne3 Qd7 23. Qh4 Ng6 24. Qg4 Rc3 25. Re1 Rxb3 26. f5 exf5 27. Nxf5 Bd3
28. Nh6+ gxh6 29. Qxd7 Be4 30. e6 fxe6 31. Qxe6+ Kh8 32. Ne5 Rb2 33. Nxg6+ hxg6
34. Rxe4 dxe4 35. Qxe4 Rff2 36. Qxg6 Rbd2 37. Qxh6+ Kg8 38. Qg5+ Kh7 39. Qh4+
Kg6 40. Qxf2 Rxf2 41. Kxf2 1-0

[Event "OGD Prinsenstad-toernooi - D groep"]
[Site "Delft"]
[Date "2014.04.19"]
[Round "3.7"]
[White "Karagantcheff, Dimitri"]
[Black "Bouma, Henk"]
[Result "1-0"]
[WhiteElo "1494"]
[BlackElo "1290"]
[PlyCount "63"]
[EventDate "2014.04.18"]
[EventType "swiss"]
[EventRounds "6"]
[EventCountry "NED"]
[Source "DSC"]
[SourceDate "2014.04.23"]

1. e4 e5 2. f4 exf4 3. Nf3 d5 4. exd5 Nf6 5. Bc4 Bd6 6. O-O O-O 7. Nc3 c6 8. d4
Bg4 9. h3 Bh5 10. Qd3 Bg6 11. Qe2 Re8 12. Ne5 Bh5 13. Qe1 Nbd7 14. Bxf4 Nxe5
15. dxe5 cxd5 16. Qg3 Bxe5 17. Bxe5 Rxe5 18. Qxe5 dxc4 19. Rae1 Qb6+ 20. Kh1
Qxb2 21. Qe3 h6 22. Rb1 Qxc2 23. Rfc1 Qd3 24. Qc5 Bg6 25. Rxb7 Ne4 26. Nxe4
Bxe4 27. Re7 Qe2 28. Rg1 Rd8 29. Qe5 Bxg2+ 30. Rxg2 Qf1+ 31. Kh2 Rd1 32. Qxg7#
1-0

[Event "OGD Prinsenstad-toernooi - D groep"]
[Site "Delft"]
[Date "2014.04.19"]
[Round "3.8"]
[White "Ingravallo, Claudio"]
[Black "Van der Hoeven, Carsten"]
[Result "0-1"]
[WhiteElo "1433"]
[BlackElo "1325"]
[PlyCount "50"]
[EventDate "2014.04.18"]
[EventType "swiss"]
[EventRounds "6"]
[EventCountry "NED"]
[Source "DSC"]
[SourceDate "2014.04.23"]

1. e4 d6 2. d4 Nf6 3. Nc3 g6 4. Be2 Bg7 5. Be3 O-O 6. h3 Nbd7 7. Qd2 e6 8. Bh6
c5 9. Bxg7 Kxg7 10. dxc5 Nxc5 11. Bf3 e5 12. O-O-O Qa5 13. a3 Be6 14. Qe3 b5
15. Nd5 Nxd5 16. exd5 Bf5 17. g4 Bd7 18. b4 Qa4 19. bxc5 dxc5 20. Qxe5+ Kg8 21.
Qb2 b4 22. axb4 Rab8 23. c3 cxb4 24. Rd4 bxc3 25. Qxb8 Qa3+ 0-1

[Event "OGD Prinsenstad-toernooi - D groep"]
[Site "Delft"]
[Date "2014.04.20"]
[Round "5.7"]
[White "Van der Hoeven, Carsten"]
[Black "Karagantcheff, Dimitri"]
[Result "1-0"]
[WhiteElo "1325"]
[BlackElo "1494"]
[PlyCount "31"]
[EventDate "2014.04.18"]
[EventType "swiss"]
[EventRounds "6"]
[EventCountry "NED"]
[Source "DSC"]
[SourceDate "2014.04.23"]

1. e4 c5 2. Nf3 g6 3. d4 cxd4 4. Nxd4 Bg7 5. Nc3 Nc6 6. Be3 Nf6 7. Qd2 Ng4 8.
Nxc6 bxc6 9. Bd4 e5 10. Bc5 Bh6 11. Qd3 a5 12. Be2 Nf6 13. Qd6 Bf8 14. Qxe5+
Be7 15. O-O-O Kf8 16. Qxf6 1-0

[Event "OGD Prinsenstad-toernooi - D groep"]
[Site "Delft"]
[Date "2014.04.20"]
[Round "5.8"]
[White "Beek, Nico"]
[Black "Honkoop, Gilian"]
[Result "0-1"]
[WhiteElo "971"]
[BlackElo "1325"]
[PlyCount "56"]
[EventDate "2014.04.18"]
[EventType "swiss"]
[EventRounds "6"]
[EventCountry "NED"]
[Source "DSC"]
[SourceDate "2014.04.23"]

1. c4 e5 2. e3 Nf6 3. Be2 d5 4. d4 exd4 5. exd4 Nc6 6. b3 dxc4 7. Bxc4 Qxd4 8.
Qxd4 Nxd4 9. Bd3 Bb4+ 10. Bd2 Bxd2+ 11. Nxd2 O-O 12. O-O-O Bg4 13. f3 Be6 14.
Ne4 Nd5 15. Kb2 Ne3 16. Rd2 h6 17. Ne2 Rad8 18. Nf4 b6 19. Re1 Nd5 20. Nxd5
Bxd5 21. Nc3 Bxf3 22. Re7 Nf5 23. Rxc7 Bxg2 24. Rxa7 Bf1 25. Ne2 Bxe2 26. Kc2
Nd4+ 27. Kc3 Bxd3 28. Rxd3 Nb5+ 0-1

[Event "OGD Prinsenstad-toernooi - D groep"]
[Site "Delft"]
[Date "2014.04.20"]
[Round "6.7"]
[White "Honkoop, Gilian"]
[Black "Van der Hoeven, Carsten"]
[Result "1-0"]
[WhiteElo "1325"]
[BlackElo "1325"]
[PlyCount "97"]
[EventDate "2014.04.18"]
[EventType "swiss"]
[EventRounds "6"]
[EventCountry "NED"]
[Source "DSC"]
[SourceDate "2014.04.23"]

1. e4 d6 2. d4 Nf6 3. Nc3 g6 4. Nf3 Bg7 5. Bf4 Nbd7 6. Bc4 c5 7. d5 Qa5 8. Qd2
Ng4 9. h3 Nge5 10. Be2 O-O 11. O-O Nxf3+ 12. Bxf3 Ne5 13. Be2 a6 14. Bh6 b5 15.
Bxg7 Kxg7 16. f4 Nd7 17. a3 Qb6 18. Kh1 e6 19. dxe6 fxe6 20. Rfd1 b4 21. Na4
Qc6 22. axb4 cxb4 23. Qxb4 Qxc2 24. Bd3 Qc6 25. Rac1 Rb8 26. Qa3 Qb7 27. Qxd6
Qb3 28. Bc2 Qe3 29. Qxe6 Nf6 30. Qe7+ Rf7 31. Qa3 Qxf4 32. Rf1 Qe5 33. Bb3 Be6
34. Bxe6 Qxe6 35. Nc5 Qb6 36. e5 Nh5 37. Rxf7+ Kxf7 38. e6+ Ke8 39. Qa4+ Qb5
40. Qxa6 Qxa6 41. Nxa6 Rxb2 42. Nc7+ Ke7 43. Rd1 Kf6 44. Rf1+ Ke5 45. Re1+ Kf4
46. e7 Ng7 47. Ne6+ Nxe6 48. e8=Q Ng5 49. Qe5# 1-0

[Event "OGD Prinsenstad-toernooi - D groep"]
[Site "Delft"]
[Date "2014.04.20"]
[Round "6.8"]
[White "Karagantcheff, Dimitri"]
[Black "Reichardt, Monica"]
[Result "0-1"]
[WhiteElo "1494"]
[BlackElo "1433"]
[PlyCount "154"]
[EventDate "2014.04.18"]
[EventType "swiss"]
[EventRounds "6"]
[EventCountry "NED"]
[Source "DSC"]
[SourceDate "2014.04.23"]

1. e4 e5 2. f4 exf4 3. Nf3 Bc5 4. d4 Bb6 5. Bc4 Nc6 6. Bxf4 Qe7 7. O-O d6 8.
Kh1 Bg4 9. c3 O-O-O 10. Nbd2 Nf6 11. Bg5 h6 12. Bxf6 Qxf6 13. b4 Ne7 14. Qb3
Bxf3 15. Nxf3 Qg6 16. Bxf7 Qh7 17. a4 c6 18. Rad1 g5 19. a5 Bc7 20. b5 Bxa5 21.
Be6+ Kb8 22. bxc6 Nxc6 23. d5 Ne7 24. Nd4 Bb6 25. Rf7 Qxe4 26. Rxe7 Rhf8 27.
Rf7 Rxf7 28. Bxf7 Rf8 29. Qb5 Rxf7 30. Ne6 Rc7 31. Nxc7 Bxc7 32. Rf1 a6 33. Qb2
Qxd5 34. Rf8+ Ka7 35. Qf2+ Bb6 36. Qe2 Qc5 37. Rf1 Qxc3 38. h3 d5 39. Rf7 d4
40. Qe7 Qc6 41. Rf6 Qc1+ 42. Kh2 Qc7+ 43. Qxc7 Bxc7+ 44. Kh1 d3 45. Rf1 d2 46.
g4 b5 47. Kg2 Bf4 48. Kf2 b4 49. Ke2 b3 50. Rb1 a5 51. Rxb3 Ka6 52. Rd3 Kb5 53.
Rd5+ Kb4 54. Rd4+ Kc5 55. Ra4 Kb5 56. Rd4 a4 57. Rd5+ Kc4 58. Rd7 Kc3 59. Ra7
Kc2 60. Rd7 a3 61. Rd8 a2 62. Rc8+ Kb3 63. Rb8+ Kc2 64. Rc8+ Kb2 65. Ra8 a1=Q
66. Rxa1 Kxa1 67. Kd1 Kb1 68. Ke2 Kc2 69. Kf3 d1=Q+ 70. Ke4 Kc3 71. Kf5 Qh1 72.
Kg6 Qxh3 73. Kf5 Kd4 74. Kg6 Qxg4 75. Kxh6 Ke5 76. Kg6 Ke6 77. Kh6 Kf7 0-1

[Event "OGD Prinsenstad-toernooi - A groep"]
[Site "Delft"]
[Date "2015.04.04"]
[Round "2"]
[White "Hackner, Oskar"]
[Black "Glimmerveen, Martin"]
[Result "1/2-1/2"]
[WhiteElo "2187"]
[BlackElo "2086"]
[Annotator "Martin Glimmerveen"]
[PlyCount "104"]
[EventDate "2015.04.03"]
[EventType "swiss"]
[EventRounds "6"]
[EventCountry "NED"]
[Source "DSC"]
[SourceDate "2015.07.04"]

1. d4 Nf6 2. c4 c5 3. d5 e6 4. Nc3 exd5 5. cxd5 d6 6. e4 g6 7. Nge2 Bg7 8. Ng3
O-O 9. Be2 Re8 10. O-O a6 11. a4 Qa5 $2 (11... Nbd7 12. Bg5 h6 13. Be3 Rb8 14.
Qd2 h5 15. f3) 12. Bf4 Qc7 13. Rc1 Nbd7 14. b4 b6 (14... h5) 15. a5 b5 (15...
c4 16. axb6 Nxb6) 16. Bxb5 $1 axb5 17. Nxb5 Qb8 18. Nxd6 Rxe4 $6 (18... Qxb4)
19. Ngxe4 Nxe4 20. Re1 $5 (20. bxc5 Nexc5) 20... Nxd6 21. bxc5 Nxc5 22. Rxc5
Bf8 23. Qc2 Bf5 24. Qa4 Qd8 25. a6 Ne4 26. Rc6 Nc5 (26... Nxf2 27. Kxf2 Qh4+
28. g3 Qxh2+ 29. Kf3 h5) 27. Qc4 Bd3 $5 (27... Nd3) (27... Qa5) 28. Qd4 Qa5 29.
Ra1 Qb5 (29... Nb3 $1) 30. Qe3 (30. a7) 30... Nxa6 $1 31. Rb6 Bc5 $6 (31...
Qxd5 $1) 32. Rxb5 Bxe3 33. Rb3 (33. Rxa6 $1 Rxa6 34. Rb8+ Kg7 35. fxe3 $14)
33... Bxf4 34. Rxd3 Rb8 (34... Be5) 35. d6 Nc5 36. Rd5 Ne6 37. g3 Bh6 38. f4
Rd8 39. Ra6 Bf8 40. Kf2 Rd7 41. Ke2 f6 42. Kd3 Nd8 43. Kc4 Kf7 44. g4 Nb7 45.
Kb5 Rxd6 (45... Nxd6+ 46. Kc6 Rd8) 46. Raxd6 Nxd6+ 47. Kc6 f5 48. h3 fxg4 49.
hxg4 Ne8 50. Rd7+ Be7 51. g5 Ng7 52. Rd4 Nf5 1/2-1/2

[Event "OGD Prinsenstad-toernooi - A groep"]
[Site "Delft"]
[Date "2015.04.04"]
[Round "2.1"]
[White "Miedema, David"]
[Black "L'Ami, Erwin"]
[Result "1/2-1/2"]
[WhiteElo "2324"]
[BlackElo "2601"]
[PlyCount "178"]
[EventDate "2015.04.03"]
[EventType "swiss"]
[EventRounds "6"]
[EventCountry "NED"]
[Source "DSC"]
[SourceDate "2015.07.04"]

1. d4 Nf6 2. c4 e6 3. Nc3 Bb4 4. Qc2 b6 5. e4 c5 6. dxc5 bxc5 7. e5 Ng8 8. Bd2
Ne7 9. Ne4 O-O 10. Bxb4 cxb4 11. f4 Ng6 12. Nh3 Qa5 13. Bd3 b3+ 14. Qd2 Nc6 15.
Qxa5 Nxa5 16. Kd2 Bb7 17. Kc3 bxa2 18. b4 Nxc4 19. Kxc4 f5 20. Nef2 Bxg2 21.
Rhc1 Bd5+ 22. Kd4 Ne7 23. Bc4 Rab8 24. b5 Bxc4 25. Rxc4 Rxb5 26. Rxa2 a5 27.
Nd3 Ra8 28. Ng1 Kf7 29. Ne2 Nc6+ 30. Ke3 g5 31. Nc3 gxf4+ 32. Kxf4 Rb3 33. Nc5
Rg8 34. h3 Rb4 35. Rxb4 axb4 36. Nb5 Rg1 37. Nxd7 Rd1 38. Rc2 b3 39. Rxc6 b2
40. Na3 Rxd7 41. Rb6 Rd3 42. Nc2 Rxh3 43. Rxb2 Rh4+ 44. Kg5 Rg4+ 45. Kh5 Re4
46. Rb5 Re2 47. Rb7+ Ke8 48. Nd4 Rxe5 49. Kg5 Kd8 50. Rxh7 Re4 51. Nc6+ Kc8 52.
Kf6 f4 53. Ne5 f3 54. Kxe6 Rf4 55. Rh1 f2 56. Rf1 Kc7 57. Nd3 Rf3 58. Nxf2 Re3+
59. Kd5 Rc3 60. Ne4 Rd3+ 61. Ke5 Kc6 62. Rc1+ Kb6 63. Nc5 Rh3 64. Kd4 Rh4+ 65.
Ne4 Rh5 66. Rc8 Rh1 67. Rg8 Rd1+ 68. Kc4 Rc1+ 69. Nc3 Kc6 70. Rg6+ Kd7 71. Kd4
Rh1 72. Ne4 Rd1+ 73. Ke5 Kc7 74. Nc3 Re1+ 75. Kd5 Kd7 76. Nb5 Rd1+ 77. Nd4 Ke7
78. Re6+ Kf7 79. Re2 Kf6 80. Rf2+ Ke7 81. Ra2 Kf6 82. Ke4 Re1+ 83. Kf4 Rf1+ 84.
Nf3 Ke6 85. Ke4 Kd6 86. Rd2+ Kc5 87. Rd5+ Kb6 88. Ne5 Re1+ 89. Kf5 Rh1 1/2-1/2

[Event "OGD Prinsenstad-toernooi - A groep"]
[Site "Delft"]
[Date "2015.04.04"]
[Round "2.2"]
[White "Khenkin, Igor"]
[Black "Slingerland, Fred"]
[Result "1-0"]
[WhiteElo "2590"]
[BlackElo "2300"]
[PlyCount "49"]
[EventDate "2015.04.03"]
[EventType "swiss"]
[EventRounds "6"]
[EventCountry "NED"]
[Source "DSC"]
[SourceDate "2015.07.04"]

1. d4 d5 2. c4 dxc4 3. e3 Nf6 4. Bxc4 e6 5. Nf3 c5 6. O-O Nc6 7. Qe2 a6 8. dxc5
Bxc5 9. e4 Qc7 10. e5 Nd7 11. Bf4 b5 12. Bb3 Bb7 13. Nbd2 Nd4 14. Nxd4 Bxd4 15.
Rac1 Qb6 16. Ne4 Bxe4 17. Qxe4 Rd8 18. Bg5 Rb8 19. Rc6 Qb7 20. Bxe6 Nb6 21.
Bxf7+ Kxf7 22. e6+ Kg8 23. e7 Kf7 24. Qe6+ Ke8 25. Rd6 1-0

[Event "OGD Prinsenstad-toernooi - A groep"]
[Site "Delft"]
[Date "2015.04.04"]
[Round "2.3"]
[White "Legemaat, Gert"]
[Black "Kravtsiv, Martyn"]
[Result "0-1"]
[WhiteElo "2255"]
[BlackElo "2583"]
[PlyCount "108"]
[EventDate "2015.04.03"]
[EventType "swiss"]
[EventRounds "6"]
[EventCountry "NED"]
[Source "DSC"]
[SourceDate "2015.07.04"]

1. Nc3 Nf6 2. d4 d5 3. Bg5 Nbd7 4. Qd3 h6 5. Bh4 e6 6. e4 Be7 7. e5 Ne4 8. Bxe7
Qxe7 9. Nge2 Nxc3 10. Qxc3 c5 11. dxc5 Nxc5 12. Nd4 Bd7 13. Bd3 Rc8 14. O-O O-O
15. Qd2 f6 16. Rae1 a6 17. c3 fxe5 18. Rxe5 Qd6 19. Rfe1 Kh8 20. Nf3 Nxd3 21.
Qxd3 Rf6 22. Nd4 b5 23. a3 a5 24. b4 Qb6 25. g3 Ra8 26. Kg2 axb4 27. axb4 Ra3
28. R1e3 Qb7 29. h4 Qc8 30. f4 Ra2+ 31. Re2 Rxe2+ 32. Nxe2 Be8 33. Nd4 Bg6 34.
Qe3 Be4+ 35. Kh3 Qa8 36. g4 Qa2 37. Rxe4 dxe4 38. Qxe4 Qc4 39. Qa8+ Kh7 40.
Qe4+ Kg8 41. g5 hxg5 42. hxg5 Rf7 43. Kg2 Qxc3 44. Nxe6 Qc8 45. g6 Re7 46. f5
Qb7 47. Kf3 Qc8 48. Qd4 Rd7 49. Qe4 Qc3+ 50. Kg4 Qc4 51. Kf4 Rd1 52. Ke5 Qc3+
53. Nd4 Re1 54. Kd5 Rxe4 0-1

[Event "OGD Prinsenstad-toernooi - A groep"]
[Site "Delft"]
[Date "2015.04.04"]
[Round "2.4"]
[White "Reinderman, Dimitri"]
[Black "Vereggen, Lars"]
[Result "1-0"]
[WhiteElo "2574"]
[BlackElo "2255"]
[PlyCount "91"]
[EventDate "2015.04.03"]
[EventType "swiss"]
[EventRounds "6"]
[EventCountry "NED"]
[Source "DSC"]
[SourceDate "2015.07.04"]

1. e4 c5 2. Ne2 d6 3. g3 Nf6 4. Bg2 g6 5. O-O Bg7 6. d4 cxd4 7. Nxd4 O-O 8. Nc3
Bd7 9. h3 Nc6 10. Nde2 a6 11. a4 Rc8 12. Be3 Qc7 13. Qc1 Rfd8 14. Bh6 Bh8 15.
Kh1 Nb4 16. Qd2 Bc6 17. Nd4 d5 18. e5 Qxe5 19. Nce2 a5 20. Bf4 Qh5 21. g4 Nxg4
22. Ng3 Nxf2+ 23. Rxf2 Qh4 24. Nf3 Qf6 25. Be5 Qxe5 26. Nxe5 Bxe5 27. Raf1 Be8
28. Qe3 Nc6 29. c3 Bg7 30. Ne2 e6 31. Qb6 Rd7 32. Nf4 Ra8 33. Nd3 Re7 34. Nc5
Rc8 35. Re2 Bf8 36. Nd3 Rec7 37. Nf2 Ne7 38. Ng4 Bc6 39. Nf6+ Kh8 40. Qd4 Bg7
41. Qh4 h6 42. Ng4 Nf5 43. Rxf5 exf5 44. Nxh6 Bxh6 45. Qxh6+ Kg8 46. h4 1-0

[Event "OGD Prinsenstad-toernooi - A groep"]
[Site "Delft"]
[Date "2015.04.04"]
[Round "2.5"]
[White "Steffens, Olaf"]
[Black "Martens, Martin"]
[Result "0-1"]
[WhiteElo "2240"]
[BlackElo "2409"]
[PlyCount "60"]
[EventDate "2015.04.03"]
[EventType "swiss"]
[EventRounds "6"]
[EventCountry "NED"]
[Source "DSC"]
[SourceDate "2015.07.04"]

1. b4 e5 2. a3 g6 3. Bb2 Bg7 4. Nf3 d6 5. e3 Ne7 6. c4 O-O 7. Nc3 f5 8. d4 e4
9. Nd2 c6 10. d5 cxd5 11. cxd5 Nd7 12. Qb3 Nf6 13. Be2 Bd7 14. h3 Be8 15. g4
Bf7 16. gxf5 gxf5 17. Rg1 Ng6 18. O-O-O Rc8 19. Kb1 Ne5 20. Rg5 Bg6 21. Rdg1
Kf7 22. Nb5 Bh6 23. Bxe5 dxe5 24. d6+ Kg7 25. Rxf5 a6 26. Nc7 Qxd6 27. Ne6+ Kh8
28. Nxf8 Bxf5 29. Nc4 Qc7 30. Nb6 Qxb6 0-1

[Event "OGD Prinsenstad-toernooi - A groep"]
[Site "Delft"]
[Date "2015.04.04"]
[Round "2.6"]
[White "Barendse, Ted"]
[Black "De Jong, Migchiel"]
[Result "1/2-1/2"]
[WhiteElo "2107"]
[BlackElo "2330"]
[PlyCount "69"]
[EventDate "2015.04.03"]
[EventType "swiss"]
[EventRounds "6"]
[EventCountry "NED"]
[Source "DSC"]
[SourceDate "2015.07.04"]

1. d4 e6 2. c4 Bb4+ 3. Bd2 a5 4. Nf3 d6 5. g3 Nc6 6. Bg2 e5 7. O-O exd4 8. Bg5
f6 9. Bc1 Bc5 10. b3 Nge7 11. Bb2 Nf5 12. Na3 Be6 13. Nb5 O-O 14. Nfxd4 Ncxd4
15. Nxd4 Nxd4 16. Bxd4 c6 17. Bxc5 dxc5 18. Qxd8 Rfxd8 19. Rfd1 a4 20. f4 Kf7
21. Kf2 Ke7 22. Ke3 Rd4 23. Rac1 axb3 24. axb3 Ra3 25. Rxd4 cxd4+ 26. Kxd4 Rxb3
27. Be4 h6 28. Rb1 Rxb1 29. Bxb1 b6 30. c5 b5 31. Be4 Kd7 32. Kc3 g5 33. Kb4
Kc7 34. e3 Bc4 35. Bf5 1/2-1/2

[Event "OGD Prinsenstad-toernooi - A groep"]
[Site "Delft"]
[Date "2015.04.04"]
[Round "2.7"]
[White "Haslinger, Stewart"]
[Black "Nguyen, Kevin"]
[Result "1-0"]
[WhiteElo "2526"]
[BlackElo "2029"]
[PlyCount "175"]
[EventDate "2015.04.03"]
[EventType "swiss"]
[EventRounds "6"]
[EventCountry "NED"]
[Source "DSC"]
[SourceDate "2015.07.04"]

1. e4 c5 2. Nf3 d6 3. Bb5+ Bd7 4. Bxd7+ Qxd7 5. O-O Nc6 6. c3 Nf6 7. Re1 g6 8.
d4 Bg7 9. d5 Nd8 10. a4 O-O 11. Na3 Rb8 12. Nc4 b6 13. h3 a6 14. e5 Ne8 15. a5
b5 16. Nb6 Qc7 17. e6 fxe6 18. dxe6 Nf6 19. Bg5 Rxb6 20. axb6 Qxb6 21. Qd2 Nc6
22. Bh6 Na5 23. Bxg7 Kxg7 24. Qe3 Nc4 25. Qe2 d5 26. b3 Nd6 27. Qe5 Kg8 28. Re2
a5 29. Rea2 Ra8 30. Nh2 c4 31. bxc4 Nxc4 32. Qe2 Ne4 33. Qd3 Qxe6 34. Ng4 Qd6
35. Rd1 Rd8 36. Qd4 e5 37. Qa7 Rd7 38. Qa8+ Rd8 39. Qb7 Rd7 40. Qxb5 Nxc3 41.
Qxd7 Qxd7 42. Nf6+ Kf7 43. Nxd7 Nxd1 44. Nc5 Ke7 45. Kf1 Nc3 46. Ra1 d4 47. f3
Kf6 48. Kf2 Kf5 49. g4+ Kf6 50. Na4 Nd5 51. Nc5 Nc3 52. h4 h6 53. Kg3 Ne2+ 54.
Kf2 Nf4 55. Ra4 Nb2 56. Rxa5 d3 57. Ne4+ Ke6 58. Ra6+ Kf7 59. Rc6 Nd1+ 60. Ke1
Ne3 61. Kd2 Nf1+ 62. Ke1 Ne3 63. Kd2 Nf1+ 64. Kc3 Ne3 65. Rc7+ Ke6 66. Ra7
Ned5+ 67. Kd2 Ne7 68. Nc5+ Kd6 69. Nxd3 Ng2 70. h5 Nh4 71. Nxe5 gxh5 72. gxh5
Kxe5 73. Rxe7+ Kf4 74. Ke2 Kg5 75. Re5+ Kf4 76. Ra5 Nf5 77. Kd3 Ng3 78. Ra6 Nf5
79. Rf6 Kg5 80. Rf8 Kf4 81. Rf7 Ke5 82. Rf8 Kf4 83. Kc4 Kg5 84. Kd5 Ng3 85.
Rg8+ Kf4 86. Rxg3 Kxg3 87. Ke5 Kxf3 88. Kf5 {Ke4+} 1-0

[Event "OGD Prinsenstad-toernooi - A groep"]
[Site "Delft"]
[Date "2015.04.04"]
[Round "2.8"]
[White "Van Dijk, Harold"]
[Black "Oranje, Richard"]
[Result "1-0"]
[WhiteElo "2295"]
[BlackElo "2116"]
[PlyCount "63"]
[EventDate "2015.04.03"]
[EventType "swiss"]
[EventRounds "6"]
[EventCountry "NED"]
[Source "DSC"]
[SourceDate "2015.07.04"]

1. e4 e5 2. d4 exd4 3. c3 Nf6 4. e5 Qe7 5. cxd4 d5 6. Nc3 c6 7. Bd3 Nfd7 8. f4
g6 9. Nf3 f5 10. h4 h5 11. Qe2 Nb6 12. a4 Be6 13. a5 N6d7 14. b3 a6 15. Ba3
Qxa3 16. Rxa3 Bxa3 17. Na4 Bb4+ 18. Kd1 Bxa5 19. Ng5 Ke7 20. Qa2 Bb4 21. Qf2 b5
22. Qg3 Nf8 23. Nxe6 Kxe6 24. Bxf5+ gxf5 25. Qg7 bxa4 26. Qxh8 axb3 27. Qf6+
Kd7 28. Rh3 a5 29. Rxb3 Ke8 30. Qxf5 Na6 31. Qxh5+ Kd8 32. Qf7 1-0

[Event "OGD Prinsenstad-toernooi - A groep"]
[Site "Delft"]
[Date "2015.04.04"]
[Round "2.10"]
[White "Peng, Zhaoqin"]
[Black "Van den Berg, Bram"]
[Result "1-0"]
[WhiteElo "2378"]
[BlackElo "2208"]
[Annotator "Dimitri Reinderman"]
[PlyCount "43"]
[EventDate "2015.04.03"]
[EventType "swiss"]
[EventRounds "6"]
[EventCountry "NED"]
[Source "DSC"]
[SourceDate "2015.07.04"]

{In de tweede ronde speelde Peng een partij die ze trots aan haar partner en
aan mij liet zien en die mocht inderdaad gezien worden. Het zou zo in de
leerboekjes kunnen bij de regel 'Speel niet te veel met de dame in de opening',
of anders wel in het hoofdstuk Dominantie.} 1. d4 Nf6 2. Nf3 c5 3. d5 e6 4. Nc3
b5 5. Bg5 Qa5 6. Bxf6 gxf6 7. e3 a6 8. Nd2 f5 9. a4 Bg7 (9... b4 {
is het minste kwaad, maar wit zet paarden op c4 en f4 en is blij.}) 10. axb5
Qb4 {Slaan op b2 is de dreiging, maar wit dekt de pion gewoon.} 11. Qc1 Bxc3
12. bxc3 Qxc3 13. Ra3 Qf6 14. dxe6 fxe6 15. Nc4 O-O 16. Nd6 {
De octopus op d6 en de pion op b5 leggen de hele zwarte damevleugel lam!} Qe5 {
De vijfde damezet alweer.} 17. Qd1 f4 (17... Bb7 18. Nxb7 Qe4 $1 {
had Bram vast wel gedaan als ie het gezien had, al staat wit na} 19. Qa1 {
nog wel gewonnen. We hadden dan wel een minder leuk slot gehad.}) 18. Be2 fxe3
19. Rxe3 Qd4 20. Qxd4 cxd4 21. Rg3+ Kh8 22. Bf3 $1 (22. Bf3 {De eerste reflex
zal zijn om de loper op f3 eraf te slaan, maar dan ga je gewoon mat:} Rxf3 23.
gxf3 h5 24. Nf7+ Kh7 25. Rhg1 axb5 26. Rg7#) (22. Bf3 {
Het alternatief is op de damevleugel verliezen} Ra7 23. b6 {
of anders opgeven. Dat laatste werd het.}) 1-0

[Event "OGD Prinsenstad-toernooi - A groep"]
[Site "Delft"]
[Date "2015.04.04"]
[Round "2.11"]
[White "Ypma, Peter"]
[Black "Vistisen, Lars"]
[Result "1-0"]
[WhiteElo "2243"]
[BlackElo "2104"]
[PlyCount "41"]
[EventDate "2015.04.03"]
[EventType "swiss"]
[EventRounds "6"]
[EventCountry "NED"]
[Source "DSC"]
[SourceDate "2015.07.04"]

1. e4 e5 2. Nf3 Nc6 3. Bc4 Nf6 4. O-O Bc5 5. b4 Bxb4 6. c3 Bd6 7. d4 Qe7 8. Re1
O-O 9. Bg5 h6 10. Bh4 Na5 11. Bd3 c6 12. Nbd2 Bc7 13. dxe5 Bxe5 14. Nxe5 Qxe5
15. Nf3 Qe6 16. e5 Nd5 17. Nd4 Qe8 18. Nf5 Nf4 19. Nxg7 Kxg7 20. Bf6+ Kg8 21.
Re4 1-0

[Event "OGD Prinsenstad-toernooi - A groep"]
[Site "Delft"]
[Date "2015.04.04"]
[Round "2.12"]
[White "Schroer, Marcel"]
[Black "Voogt, Bob"]
[Result "1-0"]
[WhiteElo "2208"]
[BlackElo "2104"]
[PlyCount "103"]
[EventDate "2015.04.03"]
[EventType "swiss"]
[EventRounds "6"]
[EventCountry "NED"]
[Source "DSC"]
[SourceDate "2015.07.04"]

1. d4 d5 2. c4 dxc4 3. Nf3 a6 4. e3 e6 5. Bxc4 Nf6 6. O-O c5 7. dxc5 Qxd1 8.
Rxd1 Bxc5 9. Be2 Nc6 10. Nbd2 O-O 11. Nb3 Ba7 12. Nfd4 Nxd4 13. Nxd4 Rd8 14.
Nb3 Rxd1+ 15. Bxd1 Bd7 16. Bf3 Nd5 17. Na5 b6 18. Nc4 Rc8 19. b3 b5 20. Ne5 Be8
21. Bd2 Rc2 22. Ba5 Bb8 23. Nd3 Bd6 24. e4 Ne7 25. Bb4 Bxb4 26. Nxb4 Rd2 27.
Nxa6 Ng6 28. Kf1 Ne5 29. Be2 Kf8 30. Ke1 Rd4 31. f3 Ke7 32. Rd1 Rxd1+ 33. Kxd1
Kd8 34. Kd2 Kc8 35. Nb4 f6 36. Kc3 Kc7 37. Nd3 Nd7 38. Kb4 Kb6 39. a4 bxa4 40.
bxa4 Nb8 41. a5+ Kc7 42. Kc5 Nd7+ 43. Kc4 Kc6 44. Bd1 Kc7 45. f4 e5 46. fxe5
fxe5 47. Ba4 Kd6 48. Kb4 Nf6 49. Bxe8 Nxe8 50. Kb5 Kc7 51. Kc5 Nd6 52. Kd5 1-0

[Event "OGD Prinsenstad-toernooi - A groep"]
[Site "Delft"]
[Date "2015.04.04"]
[Round "3.1"]
[White "Martens, Martin"]
[Black "Khenkin, Igor"]
[Result "1/2-1/2"]
[WhiteElo "2409"]
[BlackElo "2590"]
[PlyCount "33"]
[EventDate "2015.04.03"]
[EventType "swiss"]
[EventRounds "6"]
[EventCountry "NED"]
[Source "DSC"]
[SourceDate "2015.07.04"]

1. e4 c5 2. Nf3 Nc6 3. Bb5 d6 4. O-O Bd7 5. Re1 Nf6 6. c3 a6 7. Bf1 Bg4 8. h3
Bxf3 9. Qxf3 g6 10. d3 Bg7 11. Be3 Nd7 12. Nd2 O-O 13. Qd1 Rc8 14. Nf3 Nce5 15.
Nd2 Nc6 16. Nf3 Nce5 17. Nd2 1/2-1/2